Ч. 1; Изучение процессов формирования химического состава природных вод в условиях антропогенного воздействия

Bibliografiske detaljer
Parent link:Изучение процессов формирования химического состава природных вод в условиях антропогенного воздействия: материалы XXVIII Всесоюзного гидрохимического совещания, май 1984 г./ Гидрохимический институт ; под ред. А. М. Никанорова. Ч. 1.— , 1987
Institution som forfatter: Изучение процессов формирования химического состава природных вод в условиях антропогенного воздействия Всесоюзное гидрохимическое совещание
Sprog:russisk
Udgivet: Ленинград, Гидрометеоиздат, 1987
Fag:
Format: MixedMaterials Bog
KOHA link:https://koha.lib.tpu.ru/cgi-bin/koha/opac-detail.pl?biblionumber=257503

MARC

LEADER 00000nam2a2200000 4500
001 257503
005 20231101233217.0
035 |a (RuTPU)RU\TPU\book\280307 
090 |a 257503 
100 |a 20140417d1987 k y0rusy50 ca 
101 0 |a rus 
102 |a RU 
105 |a y z 100zy 
200 0 |a Ч. 1 
210 |a Ленинград  |c Гидрометеоиздат  |d 1987 
215 |a 208 с. 
461 1 |0 (RuTPU)RU\TPU\book\295787  |t Изучение процессов формирования химического состава природных вод в условиях антропогенного воздействия  |o материалы XXVIII Всесоюзного гидрохимического совещания, май 1984 г.  |o в 2 ч.  |f Гидрохимический институт ; под ред. А. М. Никанорова  |v Ч. 1  |d 1987 
606 1 |a Воды природные  |x Гидрогеохимия  |2 stltpush  |3 (RuTPU)RU\TPU\subj\3203  |9 31656 
610 1 |a природные воды 
610 1 |a химический состав 
610 1 |a химические соединения 
610 1 |a миграция 
610 1 |a вынос 
610 1 |a морские бассейны 
610 1 |a баланс 
610 1 |a химические вещества 
610 1 |a качество 
610 1 |a вода 
610 1 |a совещания 
675 |a 556.114(063)  |v 3 
712 1 2 |a Изучение процессов формирования химического состава природных вод в условиях антропогенного воздействия  |b Всесоюзное гидрохимическое совещание  |d 28  |e Ленинград  |f 1987 
801 1 |a RU  |b 63413507  |c 20140417 
801 2 |a RU  |b 63413507  |c 20160111  |g RCR 
942 |c BK